Actors who only played a known role once - Statistics

General Stats
  • This quiz has been taken 30 times
  • The average score is 2 of 13
Answer Stats
Hint Answer % Correct
Val Kilmer (S) Batman
96%
Brandon Routh (S) Superman
61%
Ryan Reynolds (S) Green Lantern
43%
Bob Hoskins (G) Mario Bros.
18%
Josh Brolin (S) Jonah Hex
11%
Peter Ostrum (L) Charlie Bucket
7%
Michael B. Jordan (S) The Human Torch
4%
Alec Baldwin (L) The Shadow
4%
Sylvester Stallone (L) Judge Dredd
0%
Fred Ward (L) Remo Williams
0%
John Travolta (L) Terl
0%
Klinton Spilsbury (TV) The Lone Ranger
0%
Jake Gylenhaal (G) The Prince Of Persia
0%
No matching quizzes found
Score Distribution
Percent of People with Each Score
Percentile by Number Answered
Your Score History
You have not taken this quiz